[Event "41st Olympiad Women 2014"]
[Site "Tromso NOR"]
[Date "2014.08.10"]
[Round "8.32"]
[Board "2"]
[White "Morozova, Iuliia"]
[Black "Wafa, Shrook"]
[Result "0-1"]
[WhiteTitle "WFM"]
[BlackTitle "WGM"]
[WhiteElo "2060"]
[BlackElo "2065"]
[WhiteTeam "Belgium"]
[BlackTeam "Egypt"]
[WhiteFideId "14104946"]
[BlackFideId "10609970"]
[EventDate "2014.08.02"]

1. d4 Nf6 2. Nf3 e6 3. e3 Be7 4. Bd3 d6 5. b3 Nbd7 6. Bb2 c6 7. c4 Qc7 8. Nc3
O-O 9. O-O Re8 10. e4 e5 11. d5 Nf8 12. Rc1 Ng6 13. b4 Nf4 14. Ne2 N6h5 15. c5
Bf6 16. Ng3 cxd5 17. Nxh5 Nxh5 18. Bb5 Bd7 19. cxd6 Qxd6 20. Bxd7 Qxd7 21. Qxd5
Qxd5 22. exd5 e4 23. Bxf6 Nxf6 24. Nd4 Nxd5 25. Nb5 Re7 26. a3 g6 27. g4 Nf4 28.
Rc4 Nh3+ 29. Kg2 Ng5 30. Re1 a6 31. Nc3 f5 32. Kg3 Rd8 33. gxf5 gxf5 34. Rc5 Rg7
35. Kf4 Ne6+ 36. Kxf5 Nxc5 37. bxc5 Rf7+ 38. Ke6 Re8+ 39. Kd6 Rxf2 40. Nxe4 Rf4
41. Rg1+ Kf8 42. Nc3 Rf6+ 43. Kd5 Rf3 44. Kc4 b5+ 45. Kb4 a5+ 46. Kb3 Re5 47. c6
Rc5 48. Rc1 Rxc6 49. Kb2 b4 50. axb4 axb4 51. Nd5 Rf2+ 52. Kb1 Rxc1+ 53. Kxc1
Rxh2 54. Nxb4 h5 55. Kd1 h4 56. Ke1 h3 57. Nd3 Ra2 58. Kf1 h2 0-1

[Event "41st Olympiad Women 2014"]
[Site "Tromso NOR"]
[Date "2014.08.10"]
[Round "8.32"]
[Board "3"]
[White "Moaataz, Ayah"]
[Black "Barbier, Wiebke"]
[Result "1-0"]
[WhiteTitle "WIM"]
[WhiteElo "1954"]
[BlackElo "1944"]
[WhiteTeam "Egypt"]
[BlackTeam "Belgium"]
[WhiteFideId "10615873"]
[BlackFideId "207977"]
[EventDate "2014.08.02"]

1. c4 d6 2. g3 e5 3. Bg2 f5 4. d3 Nf6 5. Nc3 Be7 6. e4 c6 7. Nge2 O-O 8. O-O
fxe4 9. dxe4 Na6 10. h3 Qe8 11. Bg5 Qh5 12. Bxf6 Rxf6 13. g4 Qh4 14. Ng3 g6 15.
Kh2 Be6 16. b3 Raf8 17. Qe2 Rf4 18. f3 Kh8 19. Nd1 Nc5 20. b4 Nd7 21. Ne3 R4f7
22. Nef5 gxf5 23. exf5 Bxc4 24. Qxc4 d5 25. Qc3 Bd6 26. Rab1 Nf6 27. Nh1 h5 28.
Kg1 Rg7 29. Qe1 Qg5 30. Qc1 h4 31. Qxg5 Rxg5 32. Rfe1 Rfg8 33. Nf2 R5g7 34. Nd3
Nd7 35. Kf1 b6 36. Rbc1 c5 37. bxc5 bxc5 38. Red1 Rb8 39. f4 exf4 40. Bxd5 Nf6
41. Bf3 Rc7 42. Rc4 Nh7 43. Nxf4 Bxf4 44. Rxf4 Ng5 45. Bg2 Kg7 46. Rc1 Rb2 47.
Rf2 Rb6 48. Rfc2 Kf6 49. Kf2 Ra6 50. Re1 Rd6 51. Re8 Rd3 52. Re3 Rd4 53. Ke2 Ra4
54. Rd2 c4 55. Rd6+ Kf7 56. Bd5+ Kf8 57. Rd8+ Kg7 58. Rg8+ Kh6 59. Rg6+ Kh7 60.
Rxg5 Rxa2+ 61. Kf3 Rh2 62. Bg8+ Kh8 63. Re6 Rxh3+ 64. Kf4 Rg7 65. Re8 Rxg5 66.
Kxg5 Kg7 67. f6+ Kh8 68. Kh6 Rf3 69. Bd5# 1-0

[Event "41st Olympiad Women 2014"]
[Site "Tromso NOR"]
[Date "2014.08.10"]
[Round "8.32"]
[Board "4"]
[White "Dierckens, Sarah"]
[Black "Wafa, Shahenda"]
[Result "1-0"]
[BlackTitle "WIM"]
[WhiteElo "1873"]
[BlackElo "1932"]
[WhiteTeam "Belgium"]
[BlackTeam "Egypt"]
[WhiteFideId "205745"]
[BlackFideId "10609962"]
[EventDate "2014.08.02"]

1. e4 c5 2. Nf3 Nc6 3. d4 cxd4 4. Nxd4 g6 5. Nc3 Bg7 6. Be3 Nf6 7. Bc4 O-O 8.
Bb3 d6 9. f3 Bd7 10. Qd2 Ne5 11. O-O-O Rc8 12. h4 Nc4 13. Bxc4 Rxc4 14. Nde2 Qa5
15. h5 Nxh5 16. g4 Nf6 17. Bh6 Rfc8 18. Bxg7 Kxg7 19. Qh6+ Kg8 20. Kb1 Be6 21.
Rd3 b5 22. g5 Nh5 23. Rxh5 gxh5 24. Nf4 b4 25. Ncd5 Bxd5 26. Nxh5 1-0

[Event "41st Olympiad Women 2014"]
[Site "Tromso NOR"]
[Date "2014.08.10"]
[Round "8.33"]
[Board "1"]
[White "Machlik, Monika"]
[Black "Reizniece-Ozola, Dana"]
[Result "1/2-1/2"]
[BlackTitle "WGM"]
[WhiteElo "2081"]
[BlackElo "2278"]
[WhiteTeam "Norway 2"]
[BlackTeam "Latvia"]
[WhiteFideId "1513621"]
[BlackFideId "11601124"]
[EventDate "2014.08.02"]

1. d4 Nf6 2. c4 g6 3. Nc3 Bg7 4. e4 d6 5. f4 O-O 6. Nf3 c5 7. d5 b5 8. cxb5 a6
9. a4 axb5 10. Bxb5 Ba6 11. Bd2 Bxb5 12. axb5 Rxa1 13. Qxa1 Qb6 14. O-O Ng4 15.
Qe1 Bd4+ 16. Kh1 Bxc3 17. Bxc3 Qxb5 18. f5 Nd7 19. Ng5 Nde5 20. h3 Nf6 21. fxg6
hxg6 22. Bxe5 dxe5 23. d6 Qd7 24. Qh4 Nh5 25. g4 f6 26. gxh5 fxg5 27. Rxf8+ Kxf8
28. dxe7+ Qxe7 29. Qf2+ Kg7 30. hxg6 Kxg6 31. Qf5+ Kh6 32. Qc8 Qd6 33. Qh8+ Kg6
34. Qg8+ Kf6 35. Qh8+ 1/2-1/2

[Event "41st Olympiad Women 2014"]
[Site "Tromso NOR"]
[Date "2014.08.10"]
[Round "8.33"]
[Board "2"]
[White "Rogule, Laura"]
[Black "Gronnestad, Anita"]
[Result "1-0"]
[WhiteTitle "WGM"]
[WhiteElo "2347"]
[BlackElo "1997"]
[WhiteTeam "Latvia"]
[BlackTeam "Norway 2"]
[WhiteFideId "11601876"]
[BlackFideId "1502972"]
[EventDate "2014.08.02"]

1. e4 e6 2. d4 d5 3. Nd2 dxe4 4. Nxe4 Bd7 5. Nf3 Bc6 6. Bd3 Be7 7. O-O Nf6 8.
Qe2 Nbd7 9. c4 O-O 10. Ng3 Bxf3 11. Qxf3 c6 12. Qe2 Qc7 13. b3 Rfe8 14. Bb2 Rad8
15. Rad1 Bd6 16. Rfe1 g6 17. Qf3 Bb4 18. Re2 Bf8 19. d5 e5 20. dxc6 bxc6 21. Bc2
Bg7 22. Red2 Qb6 23. h3 h5 24. Rd6 e4 25. Qe3 Qc7 26. Qf4 Nd5 27. cxd5 Bxb2 28.
Rxg6+ 1-0

[Event "41st Olympiad Women 2014"]
[Site "Tromso NOR"]
[Date "2014.08.10"]
[Round "8.33"]
[Board "3"]
[White "Jorgensen, Line Jin"]
[Black "Berzina, Ilze"]
[Result "0-1"]
[BlackTitle "WGM"]
[WhiteElo "1939"]
[BlackElo "2247"]
[WhiteTeam "Norway 2"]
[BlackTeam "Latvia"]
[WhiteFideId "1505467"]
[BlackFideId "11601345"]
[EventDate "2014.08.02"]

1. e4 c6 2. d4 d5 3. Nc3 dxe4 4. Nxe4 Nd7 5. Nf3 Ngf6 6. Nxf6+ Nxf6 7. Bc4 Bf5
8. c3 e6 9. O-O Bd6 10. Re1 O-O 11. Bg5 h6 12. Bh4 Be7 13. Bd3 Bxd3 14. Qxd3 Nd5
15. Bxe7 Qxe7 16. Qe2 Rad8 17. Rad1 Qc7 18. Ne5 Nf6 19. h3 Rd5 20. g3 Rfd8 21.
Kh2 c5 22. Nf3 Qc6 23. dxc5 Qxc5 24. Kg2 a6 25. Rxd5 Qxd5 26. c4 Qc5 27. Kg1 Qb4
28. Kg2 Qa5 29. a3 Qa4 30. Ne5 Qb3 31. Rc1 Rd4 32. Rc3 Qb6 33. f3 Qd6 34. Rc2
Rd1 35. Ng4 Nh5 36. Qf2 Nxg3 37. Ne3 Nh1 38. Nxd1 Nxf2 39. Nxf2 e5 40. Re2 f5
41. b4 Qd4 42. c5 Qc3 43. a4 Kf7 44. Kg3 e4 45. Nxe4 fxe4 46. Rxe4 Qa1 47. h4
Qxa4 0-1

[Event "41st Olympiad Women 2014"]
[Site "Tromso NOR"]
[Date "2014.08.10"]
[Round "8.33"]
[Board "4"]
[White "Skinke, Katrina"]
[Black "Machlik, Edit"]
[Result "1/2-1/2"]
[WhiteTitle "WIM"]
[WhiteElo "2217"]
[BlackElo "1950"]
[WhiteTeam "Latvia"]
[BlackTeam "Norway 2"]
[WhiteFideId "11602260"]
[BlackFideId "1513591"]
[EventDate "2014.08.02"]

1. e4 c6 2. d4 d5 3. Nd2 dxe4 4. Nxe4 Bf5 5. Ng3 Bg6 6. h4 h6 7. Nf3 Nd7 8. h5
Bh7 9. Bd3 Bxd3 10. Qxd3 e6 11. Bd2 Qc7 12. O-O-O Ngf6 13. Ne4 O-O-O 14. g3 Nc5
15. Nxc5 Bxc5 16. c4 Qe7 17. Ba5 Bb6 18. Bc3 Ng4 19. Qe2 Rhe8 20. Rhe1 Rd7 21.
Rd2 Red8 22. Qe4 Nf6 23. Qh4 Re8 24. Ne5 Rdd8 25. Qh1 Nd7 26. f4 Nxe5 27. Rxe5
Rd7 28. Qd1 Red8 29. a3 Bc7 30. Re4 Qf8 31. Kb1 Kb8 32. Ka2 Ka8 33. Re1 c5 34.
d5 exd5 35. cxd5 f6 36. Qf3 Qf7 37. Red1 Rd6 38. Ka1 Bb6 39. g4 a6 40. Qe4 Re8
41. Qf5 Re3 42. Rg2 Ka7 43. Kb1 Bc7 44. Rf2 Qd7 45. Qxd7 Rxd7 46. g5 fxg5 47.
fxg5 hxg5 48. Rf5 Bf4 49. d6 Rh3 50. Rxc5 Rxh5 51. Rc8 Rxd6 52. Rxd6 Bxd6 53.
Bd4+ b6 54. Rg8 Rh7 55. Bxg7 g4 56. Bd4 g3 57. Rg6 Bc7 58. Kc2 Rd7 59. Kc3 Kb7
60. a4 Rf7 61. Kc4 Rd7 62. b3 b5+ 63. axb5 axb5+ 64. Kc5 g2 65. Rxg2 Bb6+ 66.
Kxb5 Bxd4 67. Rd2 1/2-1/2

[Event "41st Olympiad Women 2014"]
[Site "Tromso NOR"]
[Date "2014.08.10"]
[Round "8.34"]
[Board "1"]
[White "Vargas, Gabriela"]
[Black "Meghara, Lylia"]
[Result "1/2-1/2"]
[WhiteTitle "WFM"]
[BlackTitle "WFM"]
[WhiteElo "2112"]
[BlackElo "1811"]
[WhiteTeam "Paraguay"]
[BlackTeam "Algeria"]
[WhiteFideId "3700860"]
[BlackFideId "7902867"]
[EventDate "2014.08.02"]

1. d4 Nf6 2. c4 e6 3. Nc3 d5 4. cxd5 exd5 5. Bg5 c6 6. Qc2 Be7 7. e3 O-O 8. Bd3
h6 9. Bh4 Re8 10. Nf3 Nbd7 11. O-O Nf8 12. h3 Be6 13. Rab1 N6h7 14. Bxe7 Qxe7
15. b4 Qd7 16. Ne5 Qc8 17. Na4 f6 18. Ng6 Ng5 19. Nf4 Bf7 20. Bf5 Qc7 21. b5 Ne4
22. bxc6 bxc6 23. Nc3 Nxc3 24. Qxc3 g6 25. Bc2 Rec8 26. Nd3 Ne6 27. Nc5 Qd6 28.
Nxe6 Qxe6 29. Ba4 Qd6 30. Rfc1 Be8 31. Qc5 Qxc5 32. Rxc5 Rc7 33. Rbc1 Rac8 34.
Bb5 Kf8 35. Ba6 Rd8 36. Bb5 Rdc8 37. Be2 Ke7 38. Bf3 Kd6 39. g4 Bd7 40. Kg2 Be6
41. Rb1 Ra8 42. Kg3 Bc8 43. Bg2 Ba6 44. Rbc1 Bc4 45. e4 Rac8 46. a3 g5 47. f4
Bb3 48. e5+ Ke7 49. f5 Bc4 50. a4 Kf7 51. Kf2 Ke7 52. Bf1 Bxf1 53. Kxf1 fxe5 54.
dxe5 Kd7 55. Re1 Re8 56. Rc2 c5 57. Rf2 Ke7 58. Rd2 d4 59. Re4 Rd8 60. e6 Rd5
61. a5 Kf6 62. Kf2 Rd8 63. Ke2 Rb8 64. Rc2 Rbc8 65. Rc4 Rc6 66. Kd3 a6 67. Kc2
h5 68. Re1 Rh8 69. Rb1 hxg4 70. hxg4 Rh2+ 71. Kd3 Rh3+ 72. Ke4 Rd6 73. Re1 Rg3
74. Rxc5 Rxg4+ 75. Kd3 Rg3+ 76. Kd2 Rg2+ 77. Kd1 Rd8 78. e7 Re8 79. Re6+ Kf7 80.
Rce5 Rf2 81. Rxa6 Rxe7 82. Rxe7+ Kxe7 83. Ra8 g4 84. a6 g3 85. Ke1 Rxf5 86. a7
g2 87. Rg8 Ra5 88. Rxg2 Kf7 89. Rh2 Kg7 90. Rg2+ Kh7 91. Rh2+ Kg7 92. Rg2+ Kf6
93. Rg4 Rxa7 94. Rxd4 1/2-1/2

[Event "41st Olympiad Women 2014"]
[Site "Tromso NOR"]
[Date "2014.08.10"]
[Round "8.34"]
[Board "2"]
[White "Mezioud, Amina"]
[Black "Perez Rodriguez, Jennifer"]
[Result "0-1"]
[WhiteTitle "WIM"]
[BlackTitle "WIM"]
[WhiteElo "2052"]
[BlackElo "2211"]
[WhiteTeam "Algeria"]
[BlackTeam "Paraguay"]
[WhiteFideId "7900970"]
[BlackFideId "3507831"]
[EventDate "2014.08.02"]

1. e4 e5 2. Nf3 Nc6 3. Bc4 Nf6 4. d3 Be7 5. c3 O-O 6. Nbd2 d6 7. Bb3 Na5 8. Bc2
c5 9. Nf1 Re8 10. Ng3 Nc6 11. O-O h6 12. d4 cxd4 13. cxd4 Bg4 14. Nf5 Bxf5 15.
exf5 e4 16. Ne1 d5 17. g4 Rc8 18. Be3 Nh7 19. f4 exf3 20. Rxf3 Bf6 21. Kh1 Ng5
22. Rg3 Ne4 23. Rg2 Bg5 24. Bg1 Qd6 25. a3 Na5 26. Ba4 Re7 27. Nf3 Bf4 28. Qd3
Nc4 29. Rf1 Qa6 30. Bd1 Be3 31. b3 Bxg1 32. bxc4 dxc4 33. Qc2 Be3 34. Re1 Ng5
35. Qc3 Rce8 36. Nxg5 Bxg5 37. Rxe7 Rxe7 38. d5 Bf6 39. Qb4 c3 40. Rg1 Qd3 41.
Qb3 Bd4 0-1

[Event "41st Olympiad Women 2014"]
[Site "Tromso NOR"]
[Date "2014.08.10"]
[Round "8.34"]
[Board "3"]
[White "Perez, Dalila"]
[Black "Latreche, Sabrina"]
[Result "0-1"]
[BlackTitle "WIM"]
[WhiteElo "1791"]
[BlackElo "1972"]
[WhiteTeam "Paraguay"]
[BlackTeam "Algeria"]
[WhiteFideId "3702014"]
[BlackFideId "7901798"]
[EventDate "2014.08.02"]

1. d4 Nf6 2. c4 d6 3. Nc3 Nbd7 4. Nf3 c6 5. Bg5 h6 6. Bh4 Qa5 7. Qc2 e5 8. e3
Be7 9. Be2 O-O 10. O-O Re8 11. a3 exd4 12. Nxd4 Ne5 13. b4 Qc7 14. h3 Be6 15.
Nxe6 fxe6 16. f4 Nf7 17. Rf3 d5 18. Bd3 e5 19. Bg6 e4 20. Rff1 dxc4 21. Rae1 Nd5
22. Bxe7 Rxe7 23. Nxe4 Nd6 24. Rf3 Nxe4 25. Bxe4 Rae8 26. Bg6 Rxe3 27. Rexe3
Rxe3 28. Rxe3 Qb6 29. Qxc4 Qxe3+ 30. Kh2 Qxf4+ 31. Qxf4 Nxf4 32. Bf5 Kf7 33. Bc8
b6 34. Kg3 Ne6 35. Kf3 c5 36. Ke4 cxb4 37. axb4 Nc7 38. Ke5 Ke7 39. Bb7 Nb5 40.
Kd5 Nd6 41. Bc6 Nf5 42. Kc4 Kd6 43. Bf3 Ne3+ 44. Kb5 Nd5 45. Kc4 Nc7 46. Kd4 b5
47. Bb7 Ne6+ 48. Ke4 a5 49. bxa5 Nc5+ 50. Kd4 Nxb7 51. a6 Na5 0-1

[Event "41st Olympiad Women 2014"]
[Site "Tromso NOR"]
[Date "2014.08.10"]
[Round "8.34"]
[Board "4"]
[White "Toubal, Hayat"]
[Black "Rojas, Montserrat"]
[Result "1/2-1/2"]
[WhiteTitle "WIM"]
[WhiteElo "1938"]
[BlackElo "1618"]
[WhiteTeam "Algeria"]
[BlackTeam "Paraguay"]
[WhiteFideId "7901631"]
[BlackFideId "3701670"]
[EventDate "2014.08.02"]

1. d4 Nf6 2. Nf3 g6 3. Bf4 Bg7 4. e3 Nh5 5. Be5 f6 6. Bg3 Nxg3 7. hxg3 c5 8. c3
Qb6 9. Qc2 d5 10. dxc5 Qxc5 11. Rxh7 Bf5 12. Rxh8+ Bxh8 13. Bd3 Bxd3 14. Qxd3 f5
15. Nbd2 Nd7 16. Nb3 Qc4 17. O-O-O Qxd3 18. Rxd3 e6 19. Nfd4 Ke7 20. Rd1 Bf6 21.
Rh1 a6 22. Rh7+ Kd6 23. Na5 Rb8 24. Kd2 e5 25. Nf3 b6 26. Nb3 Rh8 27. Rxh8 Bxh8
28. Nh4 Nf8 29. Nf3 Ne6 30. Nc1 Bf6 31. Ne2 g5 32. g4 f4 33. Neg1 Nc5 34. Nh3
Ne4+ 35. Kd3 Nc5+ 36. Kc2 Ne6 37. exf4 exf4 38. b4 b5 39. Kd3 Be7 40. Nd4 Nxd4
41. cxd4 Ke6 42. Kc3 Bf6 43. f3 Be7 44. Nf2 Kd6 45. Nd3 Kc6 46. Nc5 Kb6 47. Ne6
Kc6 48. Kb3 Kb6 49. a3 Kc6 50. Kc3 Kb6 51. Ng7 Bf6 52. Nh5 Bd8 53. g3 fxg3 54.
Nxg3 Bc7 55. Nh5 Kc6 56. Kd3 Bh2 57. Ke2 Bg1 58. Kd3 Bh2 59. Kc3 Kd6 60. Ng7 Bf4
61. Nf5+ Ke6 62. Kb3 Bh2 63. a4 Bf4 64. a5 Bd2 65. Ng7+ Ke7 66. Nf5+ Ke6 67. Ng3
Be3 68. Kc3 Bf2 69. Ne2 Be1+ 70. Kb3 Bd2 71. Nc3 Be3 72. Ne2 Bd2 73. Nc3 Be3 74.
Ne2 Bd2 75. Nc3 Be3 1/2-1/2

[Event "41st Olympiad Women 2014"]
[Site "Tromso NOR"]
[Date "2014.08.10"]
[Round "8.35"]
[Board "1"]
[White "Frick, Denise"]
[Black "Mouradian, Knarik"]
[Result "1-0"]
[WhiteTitle "WIM"]
[BlackTitle "WIM"]
[WhiteElo "1892"]
[BlackElo "2188"]
[WhiteTeam "South Africa"]
[BlackTeam "Lebanon"]
[WhiteFideId "14300818"]
[BlackFideId "5300517"]
[EventDate "2014.08.02"]

1. e4 g6 2. d4 Bg7 3. Nc3 d5 4. exd5 Nf6 5. Nf3 Nxd5 6. Nxd5 Qxd5 7. Be2 O-O 8.
O-O c6 9. Re1 Bg4 10. c3 h6 11. Bf4 a5 12. Qd2 Kh7 13. a4 Bxf3 14. Bxf3 Qd8 15.
h4 e6 16. h5 g5 17. Qd3+ Kh8 18. Bg3 Nd7 19. Bd1 Re8 20. Bc2 f5 21. Re2 Nf8 22.
Be5 Bxe5 23. Rxe5 Qd6 24. Rae1 Nd7 25. R5e3 Re7 26. Bb3 Rae8 27. R1e2 c5 28. d5
Nb6 29. c4 f4 30. Qc3+ e5 31. Rd3 Kg8 32. Rd1 Nd7 33. Bc2 b6 34. Rde1 Nf8 35.
Bf5 Qf6 36. Bg4 Kg7 37. Bf3 Qf5 38. d6 Re6 39. Bc6 f3 40. Rxe5 Rxe5 41. Bxe8 Kf6
42. d7 Ne6 43. Bg6 Qf4 44. g3 Qd4 45. Qxf3+ Ke7 46. Rd1 1-0

[Event "41st Olympiad Women 2014"]
[Site "Tromso NOR"]
[Date "2014.08.10"]
[Round "8.35"]
[Board "2"]
[White "Nekrasova, Elena"]
[Black "Solomons, Anzel"]
[Result "1/2-1/2"]
[WhiteTitle "WFM"]
[BlackTitle "WIM"]
[WhiteElo "2076"]
[BlackElo "1840"]
[WhiteTeam "Lebanon"]
[BlackTeam "South Africa"]
[WhiteFideId "14100908"]
[BlackFideId "14300800"]
[EventDate "2014.08.02"]

1. e4 e5 2. Nf3 d6 3. d4 Nd7 4. Bc4 c6 5. a4 Be7 6. O-O Ngf6 7. Nc3 O-O 8. Re1
h6 9. b3 Re8 10. Bb2 b6 11. Qd2 Bf8 12. Rad1 Bb7 13. Qc1 Qc7 14. Qa1 a6 15. Bd3
b5 16. Ne2 c5 17. dxc5 dxc5 18. c4 Bxe4 19. Bxe4 Nxe4 20. Nc1 Ng5 21. Nxe5 Nxe5
22. Bxe5 Qc6 23. Nd3 Rad8 24. axb5 axb5 25. Nf4 b4 26. Nd5 Qg6 27. Kh1 Qc2 28.
f4 Ne4 29. Qb1 Nf2+ 30. Kg1 Qxb1 31. Rxb1 Nd3 32. Re3 Nxe5 33. fxe5 Re6 34. Ra1
f6 35. Rae1 Rxe5 36. Rxe5 fxe5 37. Rxe5 Ra8 38. Kf2 Bd6 39. Re3 Ra2+ 40. Kf3
Bxh2 41. g3 Bg1 42. Rd3 Kf7 43. Nf4 Bd4 44. Ke4 g5 45. Nd5 Re2+ 46. Kf3 Rf2+ 47.
Ke4 Re2+ 48. Kf3 Rf2+ 49. Ke4 Bg7 50. Nc7 Bf6 51. Rd7+ Kg6 52. Na6 Re2+ 53. Kd3
Rg2 54. Nxc5 Rxg3+ 55. Ke4 h5 56. Ne6 h4 57. Nf8+ Kh5 58. Rh7+ Kg4 59. Nd7 Bb2
60. Nc5 Rg2 61. Ke3 Be5 62. Nd3 Bf4+ 63. Ke4 Re2+ 64. Kd4 h3 65. c5 Be3+ 66. Kd5
Rd2 67. Ke4 Bf4 68. c6 h2 69. Nxb4 Rb2 70. Nd3 Rxb3 71. Nxf4 Rb4+ 72. Kd5 Rxf4 1/2-1/2

[Event "41st Olympiad Women 2014"]
[Site "Tromso NOR"]
[Date "2014.08.10"]
[Round "8.35"]
[Board "3"]
[White "Van Niekerk, Robyn Julian"]
[Black "Jalloul, Maya M."]
[Result "0-1"]
[BlackTitle "WFM"]
[WhiteElo "1627"]
[BlackElo "1922"]
[WhiteTeam "South Africa"]
[BlackTeam "Lebanon"]
[WhiteFideId "14305020"]
[BlackFideId "5300800"]
[EventDate "2014.08.02"]

1. d4 Nf6 2. c4 c5 3. d5 e6 4. Nc3 exd5 5. cxd5 Bd6 6. Nf3 Bc7 7. e4 d6 8. Bd3
O-O 9. O-O a6 10. a4 Re8 11. Qc2 Nbd7 12. Bg5 h6 13. Bh4 Nf8 14. Rfe1 Ng6 15.
Bg3 Nh5 16. Ne2 Bg4 17. Nd2 Nxg3 18. Nxg3 Nf4 19. Bf1 Qg5 20. f3 Bd7 21. a5 h5
22. Kh1 Bb5 23. Nc4 g6 24. Qc1 Qf6 25. Qc2 h4 26. Ne2 Nh5 27. Ne3 Qg5 28. Ng4
Bd7 29. h3 Bb5 30. Qc3 f5 31. Nf2 Bxe2 32. Bxe2 Nf4 33. Bf1 Qg3 34. Qd2 Bd8 35.
Kg1 Bg5 36. Qc2 Bf6 37. exf5 Bd4 38. Kh1 Bxf2 39. Re4 Bd4 40. Rae1 Be5 41. Qd2
gxf5 42. Rxe5 dxe5 43. d6 Rad8 44. Rd1 Rd7 45. Qc2 Qg6 46. Qxc5 Nh5 47. b4 Ng3+
48. Kg1 Nxf1 49. Kxf1 Qe6 50. Rd5 f4 51. b5 axb5 52. Qxb5 Rc8 53. Rxe5 Rc1+ 54.
Kf2 Qxd6 55. Rg5+ Kf8 56. Rf5+ Ke8 57. Re5+ Kd8 58. Re4 Rc2+ 59. Kf1 Qd1+ 60.
Re1 Qd3+ 61. Qxd3 Rxd3 0-1

[Event "41st Olympiad Women 2014"]
[Site "Tromso NOR"]
[Date "2014.08.10"]
[Round "8.35"]
[Board "4"]
[White "Makhlouf, Youmna"]
[Black "Fisher, Michelle M"]
[Result "1-0"]
[WhiteTitle "WFM"]
[BlackTitle "WCM"]
[WhiteElo "1874"]
[BlackElo "1657"]
[WhiteTeam "Lebanon"]
[BlackTeam "South Africa"]
[WhiteFideId "5300819"]
[BlackFideId "14307553"]
[EventDate "2014.08.02"]

1. d4 Nf6 2. c4 g6 3. Nc3 Bg7 4. f3 O-O 5. e4 d6 6. Be3 Nc6 7. Bd3 a6 8. a3 Rb8
9. Nge2 e5 10. d5 Ne7 11. Qd2 Bd7 12. O-O Nh5 13. b4 f5 14. exf5 gxf5 15. Rac1
f4 16. Bf2 Nf5 17. Ne4 Bh6 18. Qc2 Qe8 19. c5 Qg6 20. cxd6 cxd6 21. Qc7 Ne3 22.
Bxe3 Bh3 23. Nf6+ Nxf6 24. Bxg6 hxg6 25. gxh3 Nxd5 26. Qxd6 Nxe3 27. Rf2 Bg7 28.
Qxg6 Rf6 1-0

[Event "41st Olympiad Women 2014"]
[Site "Tromso NOR"]
[Date "2014.08.10"]
[Round "8.36"]
[Board "2"]
[White "Stojkovska, Monika"]
[Black "Newrkla, Katharina"]
[Result "1/2-1/2"]
[WhiteTitle "WFM"]
[BlackTitle "WFM"]
[WhiteElo "2027"]
[BlackElo "2135"]
[WhiteTeam "FYROM"]
[BlackTeam "Austria"]
[WhiteFideId "15002594"]
[BlackFideId "1621629"]
[EventDate "2014.08.02"]

1. e4 c5 2. Nf3 d6 3. d4 cxd4 4. Nxd4 Nf6 5. Nc3 a6 6. Be3 e5 7. Nb3 Be7 8. f3
Be6 9. Qd2 O-O 10. g4 d5 11. exd5 Nxd5 12. Nxd5 Qxd5 13. Qxd5 Bxd5 14. Be2 Bh4+
15. Bf2 Bxf2+ 16. Kxf2 Nc6 17. Rhd1 Rad8 18. c3 Rfe8 19. Nc5 Ne7 20. Bd3 Ng6 21.
Be4 Bxe4 22. fxe4 Rc8 23. Nxb7 Rb8 24. Rd7 Nf8 25. Rc7 Ne6 26. Rd7 Nf8 27. Rc7
Ne6 28. Rd7 Nf8 29. Rc7 Ne6 30. Rd7 1/2-1/2

[Event "41st Olympiad Women 2014"]
[Site "Tromso NOR"]
[Date "2014.08.10"]
[Round "8.36"]
[Board "3"]
[White "Novkovic, Julia"]
[Black "Bejatovic, Bojana"]
[Result "1/2-1/2"]
[WhiteTitle "WFM"]
[WhiteElo "2131"]
[BlackElo "1980"]
[WhiteTeam "Austria"]
[BlackTeam "FYROM"]
[WhiteFideId "12000086"]
[BlackFideId "15000141"]
[EventDate "2014.08.02"]

1. e4 Nf6 2. e5 Nd5 3. d4 d6 4. Nf3 Bg4 5. Be2 e6 6. O-O Be7 7. c4 Nb6 8. b3 O-O
9. Bb2 Nc6 10. exd6 cxd6 11. Nbd2 d5 12. c5 Nd7 13. a3 a5 14. Bc3 f6 15. h3 Bh5
16. b4 e5 17. dxe5 fxe5 18. Nxe5 Bxe2 19. Nxc6 Bxd1 20. Nxd8 axb4 21. axb4 Rxa1
22. Bxa1 Ba4 23. Ne6 Rf7 24. Bd4 Bf6 25. Ra1 Bc6 26. Bxf6 Rxf6 27. Nd4 Ne5 28.
b5 Bd7 29. Ra8+ Rf8 30. Rxf8+ Kxf8 31. Kf1 Nd3 32. N2b3 Nf4 33. h4 Ke7 34. g3
Ne6 35. Ke2 Nc7 36. b6 Na6 37. Ke3 Ba4 38. Kf4 Kd7 39. Ke5 Bxb3 40. Nxb3 Kc6 41.
Kd4 Kb5 42. Kxd5 Kb4 43. Nd4 Nxc5 44. Nf5 Nd7 45. Nd6 Nf6+ 46. Kd4 Ka5 47. Nxb7+
Kxb6 48. Nd6 Kc6 49. Ne4 Ne8 50. Ke5 Kd7 51. g4 Ke7 52. f3 Nc7 53. g5 Ne6 54. f4
g6 55. Nf6 Nf8 56. Kd5 Kf7 57. Kd6 Ne6 58. Ke5 Nf8 59. Kd4 Ne6+ 60. Ke5 Nf8 61.
Ng4 Ke7 62. Ne3 Nd7+ 63. Kd5 Nb6+ 64. Ke4 Ke6 65. h5 Nd7 66. h6 Nf8 67. Nc2 Nd7
68. Nd4+ Kf7 69. Kd5 Ke7 70. Nc6+ Kf7 71. Kd6 Nf8 72. Nd4 Ke8 73. Nf3 Kf7 74.
Ne5+ Ke8 75. Ng4 Kf7 76. Ne5+ Ke8 77. Nd3 Kf7 78. Nc5 Ke8 79. Kc7 Ke7 80. Kc6
Ne6 81. Nd3 Nf8 82. Kd5 Ne6 83. Ke5 Nf8 84. Nc5 Kf7 85. Kd6 Ke8 86. Ne4 Kf7 87.
Nf6 Ne6 88. Nxh7 Nxf4 89. Ke5 Nh3 90. Kd4 Nf2 91. Ke3 Ng4+ 92. Kf3 Ne5+ 93. Ke4
Ng4 94. Kf3 Ne5+ 95. Kf4 Nd7 96. Kg4 Ne5+ 97. Kh4 Nd7 98. Kg3 Ne5 99. Nf6 Nd3
100. Kf3 Nc5 101. Ne4 Ne6 102. Kg4 Nf8 103. Kf4 Ke6 104. Nf2 Kf7 105. Nd1 Ne6+
106. Kg4 Nf8 107. Ne3 Ke6 108. Ng2 Kf7 109. Nf4 Nd7 110. Nd3 Kg8 111. Kf4 Nf8
112. Nc5 Kf7 113. Ke5 Nh7 114. Ne4 Ke7 115. Kd5 Nf8 116. Nc5 Kf7 117. Kd6 Nh7
118. Ne6 Ke8 119. Kd5 Kf7 120. Kd6 Ke8 121. Ke5 Kf7 122. Nd8+ Ke7 123. Nc6+ Kf7
124. Kf4 Ke6 125. Ne5 Nf8 126. Nf3 Kf7 127. Ne5+ Ke6 128. Ng4 Kf7 129. Ne5+ Ke6
130. Nf3 Kf7 131. Nd2 Ne6+ 132. Kg4 Nf8 133. Ne4 Ke6 134. Nf6 Kf7 135. Nd5 Ne6
136. Nf4 Nf8 137. Nd3 Ke6 138. Kf4 Kf7 139. Nc5 Nh7 140. Ne4 Ke6 141. Nf2 Nf8
142. Ng4 Nh7 143. Ne5 Nf8 144. Nc6 Nh7 145. Nb4 Kf7 146. Nd3 Ke6 147. Kg4 Nf8
148. Nf2 Kf7 149. Ne4 Nh7 150. Nc5 Nf8 151. Kf4 Nh7 152. Nd7 Ke6 153. Ne5 Nf8
154. Ke4 Nh7 155. Nxg6 Nxg5+ 156. Kf4 Kf6 157. Ne5 Nh7 158. Ke4 Kg5 159. Kd5 1/2-1/2

[Event "41st Olympiad Women 2014"]
[Site "Tromso NOR"]
[Date "2014.08.10"]
[Round "8.36"]
[Board "4"]
[White "Nikolovska, Dragana"]
[Black "Hapala, Elisabeth"]
[Result "1/2-1/2"]
[WhiteElo "1893"]
[BlackElo "2083"]
[WhiteTeam "FYROM"]
[BlackTeam "Austria"]
[WhiteFideId "15000133"]
[BlackFideId "1622080"]
[EventDate "2014.08.02"]

1. e4 e5 2. Nf3 Nc6 3. c3 d5 4. Qa4 f6 5. Bb5 Ne7 6. exd5 Qxd5 7. O-O e4 8. c4
Qd6 9. Ne1 Bd7 10. Nc3 f5 11. d3 exd3 12. Be3 a6 13. c5 Qf6 14. Nxd3 O-O-O 15.
Bxa6 bxa6 16. Qxa6+ Kb8 17. Qb5+ Kc8 18. Qa6+ Kb8 19. Qb5+ Kc8 20. Qa6+ 1/2-1/2